<?xml version="1.0" encoding="UTF-8"?>
<record
    xmlns:xsi="http://www.w3.org/2001/XMLSchema-instance"
    xsi:schemaLocation="http://www.loc.gov/MARC21/slim http://www.loc.gov/standards/marcxml/schema/MARC21slim.xsd"
    xmlns="http://www.loc.gov/MARC21/slim">

  <leader>02354    a2200313   4500</leader>
  <controlfield tag="003">NALT</controlfield>
  <controlfield tag="005">20260213145345.0</controlfield>
  <controlfield tag="008">250606b        th ||||| |||| 00| 0 tha d</controlfield>
  <datafield tag="020" ind1=" " ind2=" ">
    <subfield code="a">9786162876363</subfield>
  </datafield>
  <datafield tag="040" ind1=" " ind2=" ">
    <subfield code="a">&#xE4C;NALT</subfield>
  </datafield>
  <datafield tag="041" ind1="1" ind2=" ">
    <subfield code="a">tha</subfield>
    <subfield code="h">eng</subfield>
  </datafield>
  <datafield tag="050" ind1=" " ind2=" ">
    <subfield code="a">B 528</subfield>
    <subfield code="b">&#xE2E;169&#xE2A; 2566</subfield>
  </datafield>
  <datafield tag="100" ind1="1" ind2=" ">
    <subfield code="a">&#xE2E;&#xE2D;&#xE25;&#xE34;&#xE40;&#xE14;&#xE22;&#xE4C;, &#xE44;&#xE23;&#xE2D;&#xE31;&#xE19; </subfield>
    <subfield code="9">10705</subfield>
  </datafield>
  <datafield tag="245" ind1="1" ind2="0">
    <subfield code="a">&#xE2A;&#xE42;&#xE15;&#xE2D;&#xE34;&#xE01;&#xE23;&#xE32;&#xE22;&#xE27;&#xE31;&#xE19; = </subfield>
    <subfield code="b">The daily stoic / </subfield>
    <subfield code="c">Ryan Holiday and Stephen Hanselman, &#xE40;&#xE02;&#xE35;&#xE22;&#xE19; ; &#xE1E;&#xE25;&#xE2D;&#xE22;&#xE41;&#xE2A;&#xE07; &#xE40;&#xE2D;&#xE01;&#xE0D;&#xE32;&#xE15;&#xE34;, &#xE41;&#xE1B;&#xE25;</subfield>
  </datafield>
  <datafield tag="246" ind1="3" ind2="1">
    <subfield code="a">The daily stoic.</subfield>
  </datafield>
  <datafield tag="260" ind1=" " ind2=" ">
    <subfield code="a">&#xE01;&#xE23;&#xE38;&#xE07;&#xE40;&#xE17;&#xE1E;&#xE2F; :</subfield>
    <subfield code="b">&#xE27;&#xE35;&#xE40;&#xE25;&#xE34;&#xE23;&#xE4C;&#xE19;,</subfield>
    <subfield code="c">2566.</subfield>
  </datafield>
  <datafield tag="300" ind1=" " ind2=" ">
    <subfield code="a">419 &#xE2B;&#xE19;&#xE49;&#xE32; ;</subfield>
    <subfield code="c">21 &#xE0B;&#xE21;.</subfield>
  </datafield>
  <datafield tag="505" ind1="2" ind2=" ">
    <subfield code="a">&#xE20;&#xE32;&#xE04; 1 : &#xE2B;&#xE25;&#xE31;&#xE01;&#xE01;&#xE32;&#xE23;&#xE41;&#xE2B;&#xE48;&#xE07;&#xE21;&#xE38;&#xE21;&#xE21;&#xE2D;&#xE07; -- &#xE21;&#xE01;&#xE23;&#xE32;&#xE04;&#xE21; : &#xE04;&#xE27;&#xE32;&#xE21;&#xE01;&#xE23;&#xE30;&#xE08;&#xE48;&#xE32;&#xE07; -- &#xE01;&#xE38;&#xE21;&#xE20;&#xE32;&#xE1E;&#xE31;&#xE19;&#xE18;&#xE4C; : &#xE41;&#xE23;&#xE07;&#xE1B;&#xE23;&#xE32;&#xE23;&#xE16;&#xE19;&#xE32;&#xE41;&#xE25;&#xE30;&#xE2D;&#xE32;&#xE23;&#xE21;&#xE13;&#xE4C; -- &#xE21;&#xE35;&#xE19;&#xE32;&#xE04;&#xE21; : &#xE04;&#xE27;&#xE32;&#xE21;&#xE15;&#xE23;&#xE30;&#xE2B;&#xE19;&#xE31;&#xE01; -- &#xE40;&#xE21;&#xE29;&#xE32;&#xE22;&#xE19; : &#xE04;&#xE27;&#xE32;&#xE21;&#xE04;&#xE34;&#xE14;&#xE17;&#xE35;&#xE48;&#xE44;&#xE23;&#xE49;&#xE2D;&#xE04;&#xE15;&#xE34; -- &#xE20;&#xE32;&#xE04; 2 : &#xE2B;&#xE25;&#xE31;&#xE01;&#xE01;&#xE32;&#xE23;&#xE41;&#xE2B;&#xE48;&#xE07;&#xE01;&#xE32;&#xE23;&#xE01;&#xE23;&#xE30;&#xE17;&#xE33; -- &#xE1E;&#xE24;&#xE29;&#xE20;&#xE32;&#xE04;&#xE21; : &#xE01;&#xE32;&#xE23;&#xE01;&#xE23;&#xE30;&#xE17;&#xE33;&#xE17;&#xE35;&#xE48;&#xE16;&#xE39;&#xE01;&#xE15;&#xE49;&#xE2D;&#xE07; -- &#xE21;&#xE34;&#xE16;&#xE38;&#xE19;&#xE32;&#xE22;&#xE19; : &#xE01;&#xE32;&#xE23;&#xE41;&#xE01;&#xE49;&#xE1B;&#xE31;&#xE0D;&#xE2B;&#xE32; -- &#xE01;&#xE23;&#xE01;&#xE0E;&#xE32;&#xE04;&#xE21; : &#xE2B;&#xE19;&#xE49;&#xE32;&#xE17;&#xE35;&#xE48; -- &#xE2A;&#xE34;&#xE07;&#xE2B;&#xE32;&#xE04;&#xE21; : &#xE1B;&#xE0F;&#xE34;&#xE1A;&#xE31;&#xE15;&#xE34;&#xE19;&#xE34;&#xE22;&#xE21; -- &#xE20;&#xE32;&#xE04; 3 : &#xE2B;&#xE25;&#xE31;&#xE01;&#xE01;&#xE32;&#xE23;&#xE41;&#xE2B;&#xE48;&#xE07;&#xE40;&#xE08;&#xE15;&#xE08;&#xE33;&#xE19;&#xE07; -- &#xE01;&#xE31;&#xE19;&#xE22;&#xE32;&#xE22;&#xE19; : &#xE04;&#xE27;&#xE32;&#xE21;&#xE2D;&#xE14;&#xE17;&#xE19;&#xE41;&#xE25;&#xE30;&#xE04;&#xE27;&#xE32;&#xE21;&#xE22;&#xE37;&#xE14;&#xE2B;&#xE22;&#xE38;&#xE48;&#xE19; -- &#xE15;&#xE38;&#xE25;&#xE32;&#xE04;&#xE21; : &#xE04;&#xE38;&#xE13;&#xE18;&#xE23;&#xE23;&#xE21;&#xE41;&#xE25;&#xE30;&#xE04;&#xE27;&#xE32;&#xE21;&#xE40;&#xE21;&#xE15;&#xE15;&#xE32; -- &#xE1E;&#xE24;&#xE28;&#xE08;&#xE34;&#xE01;&#xE32;&#xE22;&#xE19; : &#xE01;&#xE32;&#xE23;&#xE22;&#xE2D;&#xE21;&#xE23;&#xE31;&#xE1A;/&#xE2D;&#xE30;&#xE21;&#xE2D;&#xE23;&#xE4C; &#xE1F;&#xE32;&#xE15;&#xE34; -- &#xE18;&#xE31;&#xE19;&#xE27;&#xE32;&#xE04;&#xE21; : &#xE01;&#xE32;&#xE23;&#xE44;&#xE15;&#xE23;&#xE48;&#xE15;&#xE23;&#xE2D;&#xE07;&#xE40;&#xE23;&#xE37;&#xE48;&#xE2D;&#xE07;&#xE04;&#xE27;&#xE32;&#xE21;&#xE15;&#xE32;&#xE22;.</subfield>
  </datafield>
  <datafield tag="650" ind1=" " ind2="4">
    <subfield code="a">&#xE1B;&#xE23;&#xE31;&#xE0A;&#xE0D;&#xE32;&#xE2A;&#xE21;&#xE31;&#xE22;&#xE42;&#xE1A;&#xE23;&#xE32;&#xE13;</subfield>
    <subfield code="9">52412</subfield>
  </datafield>
  <datafield tag="650" ind1=" " ind2="4">
    <subfield code="a">&#xE2A;&#xE42;&#xE15;&#xE2D;&#xE34;&#xE01;</subfield>
    <subfield code="9">65973</subfield>
  </datafield>
  <datafield tag="700" ind1="1" ind2=" ">
    <subfield code="a">Holiday, Ryan</subfield>
    <subfield code="9">10707</subfield>
  </datafield>
  <datafield tag="700" ind1="1" ind2=" ">
    <subfield code="a">Hanselman, Stephen </subfield>
    <subfield code="9">65971</subfield>
  </datafield>
  <datafield tag="700" ind1="1" ind2=" ">
    <subfield code="a">&#xE41;&#xE2E;&#xE19;&#xE40;&#xE0B;&#xE25;&#xE41;&#xE21;&#xE19;, &#xE2A;&#xE15;&#xE35;&#xE40;&#xE1F;&#xE19; </subfield>
    <subfield code="9">65972</subfield>
  </datafield>
  <datafield tag="700" ind1="0" ind2=" ">
    <subfield code="a">&#xE1E;&#xE25;&#xE2D;&#xE22;&#xE41;&#xE2A;&#xE07; &#xE40;&#xE2D;&#xE01;&#xE0D;&#xE32;&#xE15;&#xE34;</subfield>
    <subfield code="9">21490</subfield>
  </datafield>
  <datafield tag="942" ind1=" " ind2=" ">
    <subfield code="c">GB</subfield>
    <subfield code="2">lcc</subfield>
  </datafield>
  <datafield tag="996" ind1=" " ind2=" ">
    <subfield code="a">varee.k</subfield>
    <subfield code="b">LIBSTF</subfield>
    <subfield code="c">2025-06-06</subfield>
  </datafield>
  <datafield tag="996" ind1=" " ind2=" ">
    <subfield code="a">saiphon.d</subfield>
    <subfield code="b">CATSTF	</subfield>
    <subfield code="c">2025-06-09</subfield>
  </datafield>
  <datafield tag="999" ind1=" " ind2=" ">
    <subfield code="c">106900</subfield>
    <subfield code="d">106900</subfield>
  </datafield>
  <datafield tag="998" ind1=" " ind2=" ">
    <subfield code="j">8</subfield>
    <subfield code="k"> &#xE19;&#xE32;&#xE22;&#xE1A;&#xE31;&#xE13;&#xE11;&#xE34;&#xE15;  &#xE2D;&#xE38;&#xE17;&#xE32;&#xE27;&#xE07;&#xE04;&#xE4C;</subfield>
  </datafield>
  <datafield tag="952" ind1=" " ind2=" ">
    <subfield code="0">0</subfield>
    <subfield code="1">0</subfield>
    <subfield code="2">lcc</subfield>
    <subfield code="4">0</subfield>
    <subfield code="7">0</subfield>
    <subfield code="8">CGBL</subfield>
    <subfield code="a">NALT</subfield>
    <subfield code="b">NALT</subfield>
    <subfield code="c">GEN</subfield>
    <subfield code="d">2025-06-05</subfield>
    <subfield code="e">192</subfield>
    <subfield code="l">13</subfield>
    <subfield code="m">12</subfield>
    <subfield code="o">B 528 &#xE2E;169&#xE2A; 2566</subfield>
    <subfield code="p">3961215419</subfield>
    <subfield code="r">2026-02-27 00:00:00</subfield>
    <subfield code="s">2026-02-13</subfield>
    <subfield code="w">2025-06-05</subfield>
    <subfield code="y">GB</subfield>
  </datafield>
</record>
